| 000 | 00446nam a2200157 i 4500 | ||
|---|---|---|---|
| 001 | 38876 | ||
| 003 | ES-MaACL | ||
| 005 | 20230906155836.0 | ||
| 007 | t| | ||
| 008 | 030226s1876 fr ||||1| fre d | ||
| 100 | 1 |
_aCampos, J. de. _934242 |
|
| 245 | 1 | 3 |
_aLe siege de Bilbao par l'Armée Carliste en 1874 / _cJ. de Campos. |
| 260 |
_a[Tours : _bs.n., _c1876] ( _fRoville-Ladeveza) |
||
| 300 |
_aXII, 274 p. ; _c22 cm. |
||
| 852 |
_aES-MaACL _jD-4105 |
||
| 999 |
_c38876 _d38876 |
||